Ground-water factors affecting drainage in the First Division, Buffalo Rapids Irrigation Project, Prairie and Dawson Counties, Montana / (Record no. 29283)

MARC details
000 -LEADER
fixed length control field 01414cam a22003251a 4500
001 - CONTROL NUMBER
control field gs 58000241
003 - CONTROL NUMBER IDENTIFIER
control field DLC
005 - DATE AND TIME OF LATEST TRANSACTION
control field 20260227111407.0
008 - FIXED-LENGTH DATA ELEMENTS--GENERAL INFORMATION
fixed length control field 780714s1958 dcuab b f001 0 eng c
010 ## - LIBRARY OF CONGRESS CONTROL NUMBER
LC control number gs 58000241
035 ## - SYSTEM CONTROL NUMBER
System control number (OCoLC)4054762
040 ## - CATALOGING SOURCE
Original cataloging agency U.S. Geol. Survey. Library.
Transcribing agency CLS
Modifying agency OCoLC
-- DNAL
-- OCoLC
-- DLC
042 ## - AUTHENTICATION CODE
Authentication code premarc
043 ## - GEOGRAPHIC AREA CODE
Geographic area code n-us-mt
050 00 - LIBRARY OF CONGRESS CALL NUMBER
Classification number TC801
Item number .U2 no. 1424
070 0# - NATIONAL AGRICULTURAL LIBRARY CALL NUMBER
Classification number 407
Item number G29W no.1424
082 ## - DEWEY DECIMAL CLASSIFICATION NUMBER
Classification number 551.49
100 1# - MAIN ENTRY--PERSONAL NAME
Personal name Moulder, E. A.
Fuller form of name (Edward Arlo),
Dates associated with a name 1922-
245 10 - TITLE STATEMENT
Title Ground-water factors affecting drainage in the First Division, Buffalo Rapids Irrigation Project, Prairie and Dawson Counties, Montana /
Statement of responsibility, etc. by E.A. Moulder and F.A. Kohout. With a section on Chemical quality of the water, by E.R. Jochens.
260 ## - PUBLICATION, DISTRIBUTION, ETC.
Place of publication, distribution, etc. Washington, D.C. :
Name of publisher, distributor, etc. U.S. G.P.O.,
Date of publication, distribution, etc. 1958.
300 ## - PHYSICAL DESCRIPTION
Extent vi, 198 p. :
Other physical details ill., maps ;
Dimensions 23 cm.
440 #0 - SERIES STATEMENT/ADDED ENTRY--TITLE
Title Geological Survey water-supply paper ;
Volume/sequential designation 1424
500 ## - GENERAL NOTE
General note "Prepared as part of the program of the Dept. of the Interior for development of the Missouri River basin."
501 ## - WITH NOTE
With note TC801 .U2 no. 1424 with : Phreatophytes / T. W. Robinson. Washington : U. S. Govt. Print. Off., 1958. Bound together subsequent to publication.
Institution to which field applies DLC
504 ## - BIBLIOGRAPHY, ETC. NOTE
Bibliography, etc. note Bibliography: p. 72-73.
500 ## - GENERAL NOTE
General note Includes index.
650 #0 - SUBJECT ADDED ENTRY--TOPICAL TERM
Topical term or geographic name entry element Groundwater
Geographic subdivision Montana.
650 #0 - SUBJECT ADDED ENTRY--TOPICAL TERM
Topical term or geographic name entry element Water-supply
Geographic subdivision Montana.
700 1# - ADDED ENTRY--PERSONAL NAME
Personal name Kohout, Francis Anthony,
Dates associated with a name 1924-

No items available.

Powered by Koha